Paesi del World Grand Prix di Cars 2 - Statistics

Statistiche generali
  • Questo quiz è stato fatto 125 volte
  • Il punteggio medio è 14 su 16
Risposte nella Mappa
Le risposte nella mappa del quiz sottostante sono codificate secondo una scala di colori dal rosso al verde in base alla % di persone che hanno risposto correttamente.
 
Statistiche sulle risposte
Paese % Corretto
Italia - Francesco Bernoulli
99%
Giappone - Shu Todoroki
98%
Stati Uniti - Jeff Gorvette
98%
Stati Uniti - Saetta McQueen
98%
Grenada e Regno Unito - Lewis Hamilton
97%
Regno Unito - Nigel Gearsley
97%
Brasile - Carla Veloso
96%
Francia - Raoul ÇaRoule
95%
Spagna - Fernando Alonso
93%
Spagna - Miguel Camino
93%
Germania - Max Schnell
92%
Russia - Vitaly Petrov
86%
Cina - Long Ge
80%
Messico - Memo Rojas Jr.
76%
Australia - Frosty Winterbumper
70%
Svezia - Flash Nilsson
54%
Nessun quiz corrispondente trovato
Distribuzione punteggi
Percentuale di utenti per punteggio
Percentile per numero di risposta
I tuoi punteggi nel tempo
Non hai fatto questo quiz